Регионална библиотека "Любен Каравелов" - Русе

Корабът на вселените (Запис номер 32012)

MARC детайли
000 -Лидер
Контролно поле с фиксирана дължина 01392nam a2200349 c 4500
003 - Код на организацията, давaща контролен номер
Контролно поле BLK
005 - Дата и час на последна редакция
Контролно поле 20181123171228.0
008 - Елементи от данни с фиксирана дължина
fixed length control field 180407b bul|||||r ||||||| ||bul||
010 ## - Наследен системен номер
LC control number KNG00034681000
020 ## - Международен стандартен номер на книга ISBN
Международен стандартен номер на книга ISBN 954-527-152-3
-- издат.: Дамян Яков
040 ## - Източник на каталожния запис
Идентификатор на билиотеката - собственик на записа BLK
041 ## - Код за език
Код за езика на текст/звукозапис или на отделно заглавие Български
Код за езика КДБФ Български
080 ## - УДК
Текстов определител УДК Финландска литература
УДК код - определител по УДК 821.511.111
УДК определител -93-31
УДК - код + определител 821.511.111-93-31
100 1# - Редна дума - Автор
Автор Янсон, Туве
Авторска отговорност първи автор
R(LIN) 365645
139 ## - Редно поле
Редна дума Янсон, Туве
Авторски знак Янсо - Я 67
245 10 - Сведения за заглавието
Заглавие Корабът на вселените
Подзаглавни данни Мемоарите на татко Мумин : Роман за деца
Редно поле (дума) Туве Янсон; прев. Пламен Петров; ил. Туве Янсон.
257 ## - Страна на издаване
Страна на създаване/издаване Финландия
260 ## - Област на издателските данни
-- София
Име на издателя, разпространителя и проч. Дамян Яков
Година на издаване 2000
Печатница В. Търново : Абагар АД
300 ## - Физическа характеристика
Страници 152 с.
Илюстрации и др. с ил.
Размери/Мащаб 22 см
380 ## - Жанр
Жанр Детска худож. лит.
500 ## - Общи забележки
Забележка Ориг. загл. Muminpappans memoarer / Tove Jansson. - Офс. изд. - 1 200 тир.
653 ## - Ключова дума – ненормативна
Ключова дума детска литература
653 ## - Ключова дума – ненормативна
Ключова дума литература за деца
653 ## - Ключова дума – ненормативна
Ключова дума романи
700 1# - Други автори (авторска отговорност)
Лично име Петров, Пламен
Автороска отговорност (Описва отношението между автора и произведението) прев.
9 (RLIN) 365416
700 1# - Други автори (авторска отговорност)
Лично име Янсон, Туве
Автороска отговорност (Описва отношението между автора и произведението) ил.
9 (RLIN) 365645
852 ## - Местоположение
Форматна сигнатура Цб 206886
856 4# - Електронен адрес и достъп
Електронен формат pdf - файл
Път до файла /url/
856 4# - Електронен адрес и достъп
Електронен формат pdf - файл
Път до файла /url/
942 ## - АРТИКУЛИ
Вид на библиотечния материал Книги
Скрит в OPAC Не
Koha issues (borrowed), all copies 1
944 ## - СЪЗДАВАНЕ И РЕДАКЦИЯ на ЗАПИСА
Създаване/Редакция Създаване
Дата на регистрацията/редакция 15.01.2003
Служител, извършил регистрацията/редакцията Людмила_Стоянова
944 ## - СЪЗДАВАНЕ И РЕДАКЦИЯ на ЗАПИСА
Създаване/Редакция Редакция
Дата на регистрацията/редакция 21.10.2008
Служител, извършил регистрацията/редакцията
999 ## - СИСТЕМНИ КОНТРОЛНИ НОМЕРА
Koha biblionumber 32012
Koha biblioitemnumber 32012
Наличности
Код за отписване Код за изгубен артикул Източник на класификационната схема Код за повреда Коз за рестрикции Код за отдаване Артикулен № Име на библиотеката - собственик Име на библиотеката, в която се намира в момента Статус (Текущо местоположение) Дата на вписване в системата Местоположение - отдел Цена в лева Инвентарен номер Систематично азбучна сигнатура Баркод Номер на екземпляра Цена в евро Служебна бележка Служебен тип на артикула
  Не е изгубен Universal Decimal Classification Не е повреден без рестрикции ползва се в читалня 50960 Регионална библиотека "Любен Каравелов" Русе Регионална библиотека "Любен Каравелов" Русе Хранилище 2001-01-01 Хранилище 3.99 661168 Цб 206886 120000661168 1 2.04 Дост: Dp Вид: Д N: стар фонд Дата: 01.01.2000 Книги
  Не е изгубен   Не е повреден без рестрикции заемане за дома 50961 Регионална библиотека "Любен Каравелов" Русе Регионална библиотека "Любен Каравелов" Русе Детски отдел 2007-11-07 Детски отдел 3.99 120000719486 ДХ 820/899/Я 67 120000719486 2 2.04 Дост: Pk Вид: Ф N: 10418 Дата: 02.11.2007 Дата инв: 14.08.2015 Бележки инв: Д2015 Книги
  Не е изгубен   Не е повреден без рестрикции заемане за дома 50962 Регионална библиотека "Любен Каравелов" Русе Регионална библиотека "Любен Каравелов" Русе Детски отдел 2007-11-07 Детски отдел 3.99 120000719487 ДХ 820/899/Я 67 120000719487 3 2.04 Дост: Pk Вид: Ф N: 10418 Дата: 02.11.2007 Дата инв: 14.08.2015 Бележки инв: Д2015 Книги
  Не е изгубен   Не е повреден без рестрикции заемане за дома 50963 Регионална библиотека "Любен Каравелов" Русе Регионална библиотека "Любен Каравелов" Русе Детски отдел 2007-11-07 Детски отдел 3.99 120000719488 ДХ 820/899/Я 67 120000719488 4 2.04 Дост: Pk Вид: Ф N: 10418 Дата: 02.11.2007 Дата инв: 14.08.2015 Бележки инв: Д2015 Книги
  Не е изгубен   Не е повреден без рестрикции заемане за дома 50964 Регионална библиотека "Любен Каравелов" Русе Регионална библиотека "Любен Каравелов" Русе Детски отдел 2007-11-07 Детски отдел 3.99 120000719489 ДХ 820/899/Я 67 120000719489 5 2.04 Дост: Pk Вид: Ф N: 10418 Дата: 02.11.2007 Дата инв: 14.08.2015 Бележки инв: Д2015 Книги
  Не е изгубен   Не е повреден без рестрикции заемане за дома 50965 Регионална библиотека "Любен Каравелов" Русе Регионална библиотека "Любен Каравелов" Русе Детски отдел 2007-11-07 Детски отдел 3.99 120000719490 ДХ 820/899/Я 67 120000719490 6 2.04 Дост: Pk Вид: Ф N: 10418 Дата: 02.11.2007 Дата инв: 14.08.2015 Бележки инв: Д2015 Книги
  Не е изгубен   Не е повреден без рестрикции заемане за дома 50966 Регионална библиотека "Любен Каравелов" Русе Регионална библиотека "Любен Каравелов" Русе Детски отдел 2008-09-26 Детски отдел 3.99 120000729748 ДХ 820/899/Я 67 120000729748 7 2.04 Дост: Pk Вид: Ф N: 8935 Дата: 24.09.2008 Дата инв: 14.08.2015 Бележки инв: Д2015 Книги
Vip Innovations Ltd, Rousse, Bulgaria 2025